US Foreign Policy./ (Record no. 8747)
[ view plain ]
| 000 -LEADER | |
|---|---|
| fixed length control field | 01569nam a22001697a 4500 |
| 005 - DATE AND TIME OF LATEST TRANSACTION | |
| control field | 20220221141204.0 |
| 008 - FIXED-LENGTH DATA ELEMENTS--GENERAL INFORMATION | |
| fixed length control field | 220221b ||||| |||| 00| 0 eng d |
| 020 ## - INTERNATIONAL STANDARD BOOK NUMBER | |
| International Standard Book Number | 9780198707578 |
| 050 ## - LIBRARY OF CONGRESS CALL NUMBER | |
| Classification number | E183.7 .U8 |
| 245 ## - TITLE STATEMENT | |
| Title | US Foreign Policy./ |
| Remainder of title | edited by Michael Cox and Doug Stokes. |
| 260 ## - PUBLICATION, DISTRIBUTION, ETC. | |
| Place of publication, distribution, etc. | New York: |
| Name of publisher, distributor, etc. | Oxford University press, |
| Date of publication, distribution, etc. | 2018. |
| 300 ## - PHYSICAL DESCRIPTION | |
| Extent | xxiv, 462 p. : |
| Other physical details | ill. ; |
| Dimensions | 25cm. |
| 500 ## - GENERAL NOTE | |
| General note | Includes Index. |
| 505 ## - FORMATTED CONTENTS NOTE | |
| Formatted contents note | Contents: Section 1: Rethinking America : Theories of US foreign policy -- American exceptionalism -- Section 2 : Historical contexts : The US rise to world power,1776-1945 -- The economic rise of a superpower :from Washington to Trump -- American foreign policy during the cold war -- America in the 1990s : searching for purpose -- The twenty-first century and smart power -- Section 3: Institutions and process: Domestic influences on foreign policy making -- Regional shifts and US foreign policy -- Media and US foreign policy -- Section 4: United States and the world : Us Foreign policy in the Middle East -- The USA and the EU -- US foreign policy in Russia -- US foreign policy in Latin America -- US foreign policy in Africa -- Section 5: Key issues: Global terrorism -- Religion -- Gender -- Global environment -- Section 6 : Futures and Scenarios: The American liberal order : from creation to crisis -- Drifting apart? The emerging end of the transatlantic partnership -- The future of US foreign policy -- US decline or primary? A debate -- References -- Index. |
| 700 ## - ADDED ENTRY--PERSONAL NAME | |
| Personal name | Cox, Michael and Doug Stokes. |
| 942 ## - ADDED ENTRY ELEMENTS (KOHA) | |
| Source of classification or shelving scheme | Library of Congress Classification |
| Koha item type | Books |
| Withdrawn status | Lost status | Source of classification or shelving scheme | Damaged status | Not for loan | Home library | Current library | Shelving location | Date acquired | Total Checkouts | Full call number | Barcode | Date last seen | Copy number | Price effective from | Koha item type |
|---|---|---|---|---|---|---|---|---|---|---|---|---|---|---|---|
| Library of Congress Classification | WISCONSIN INTERNATIONAL UNIVERSITY COLLEGE, GHANA - MAIN LIBRARY | WISCONSIN INTERNATIONAL UNIVERSITY COLLEGE, GHANA - MAIN LIBRARY | Reference | 21/02/2022 | E183.7 .U8 | 9039/490/22 | 21/02/2022 | 1 | 21/02/2022 | Books |
